Loading...
Painting/Sculpture | 0 | 4 | 0 | 1 | 40 | 38 | 73.25 | 0 | 2 |
Fine Arts - Classical Music | 0 | 3 | 0 | 0 | 30 | 83 | 88.00 | 1 | 1 |
History - Other History | 0 | 3 | 0 | 0 | 30 | 14 | 44.67 | 2 | 3 |
Science - Physics | 0 | 3 | 0 | 1 | 30 | 42 | 83.00 | 1 | 2 |
Science - Other Science | 0 | 2 | 1 | 2 | 15 | 108 | 111.50 | 0 | 1 |
History - European History | 0 | 2 | 1 | 0 | 15 | 52 | 62.00 | 0 | 1 |
Literature - European Literature | 0 | 1 | 0 | 0 | 10 | 95 | 95.00 | 0 | 1 |
Geography | 0 | 1 | 0 | 0 | 10 | 38 | 38.00 | 1 | 1 |
Religion | 0 | 1 | 0 | 0 | 10 | 50 | 50.00 | 1 | 1 |
History - American History | 0 | 1 | 0 | 0 | 10 | 86 | 86.00 | 1 | 1 |
History - World History | 0 | 1 | 0 | 0 | 10 | 88 | 88.00 | 0 | 0 |
Literature - British Literature | 0 | 0 | 1 | 0 | -5 | 0.00 | 0 | 0 |